000 00320 a2200145 4500
001 169549
020 _a
040 _cMagnum
100 _aMira Y Lopes, Emilio
240 1 0 _aProblemas atuais de psicologia
_lpor
245 1 0 _aProblemas atuais de psicologia
362 0 _a1899
697 _aPSICOLOGIA
942 _cBK
999 _c169549
_d169549